Llwytho...
John Locke : 1632-1704 /
| Prif Awdur: | |
|---|---|
| Fformat: | Printed Book |
| Cyhoeddwyd: |
New Delhi:
Deep & Deep,
1994.
|
| Pynciau: |
| LEADER | 00397cam a2200121ua 4500 | ||
|---|---|---|---|
| 082 | |a 923.242 | ||
| 100 | |a Subrata , Mukherjee. | ||
| 245 | |a John Locke : |b 1632-1704 / | ||
| 260 | |a New Delhi: |b Deep & Deep, |c 1994. | ||
| 650 | |a John Locke | ||
| 942 | |c BK | ||
| 999 | |c 276585 |d 276585 | ||
| 952 | |0 0 |1 0 |4 0 |6 923_242000000000000_SUBJ |7 0 |9 294637 |a LAW |b LAW |d 2020-03-04 |l 0 |o 923.242 SUB-J |p LAW1364 |r 2020-03-04 |t 1 |w 2020-03-04 |y BK | ||